Salvaguardia del patrimonio cultural inmaterial de los afrodescendientes en América Latina. (Registro nro. 437121)

Detalles MARC
000 -LÍDER
Campo fijo de descripción fija 00867nam a22002417a 4500
003 - IDENTIFICADOR DEL NÚMERO DE CONTROL
Campo de control BCEG
005 - FECHA Y HORA DE LA ULTIMA TRANSACCIÓN
control field 20260324131257.0
008 - ELEMENTOS DE LONGITUD FIJA -- INFORMACIÓN GENERAL
Campo fijo de descripción fija -- Información general 260321s2013 mx |||||||||||||||||spa d
020 ## - ISBN
Isbn 9786075164205 (v. 1)
020 ## - ISBN
Isbn 9786075164182 (v. 2)
040 ## - FUENTE DE CATALOGACIÓN
Agencia de catalogación original BCEG
Idioma de catalogación spa
Agencia que realiza la transcripción BCEG
082 04 - NÚMERO DE CLASIFICACIÓN DECIMAL DEWEY
Número de clasificación 306.4
Clave de autor-Numero de item S182p
245 00 - TÍTULO PROPIAMENTE DICHO
Título Salvaguardia del patrimonio cultural inmaterial de los afrodescendientes en América Latina.
260 ## - PUBLICACIÓN, DISTRIBUCIÓN, ETC. (PIE DE IMPRENTA)
Lugar de publicación, distribución, etc. México :
Nombre del editor, distribuidor, etc. Dirección General de Culturas Populares
260 ## - PUBLICACIÓN, DISTRIBUCIÓN, ETC. (PIE DE IMPRENTA)
Lugar de publicación, distribución, etc. Cusco, Perú :
Nombre del editor, distribuidor, etc. Centro Regional para la Salvaguardia del Patrimonio Cultural Inmaterial de América Latina,
Fecha de publicación, distribución, etc. 2013.
300 ## - DESCRIPCIÓN FÍSICA
Extensión 2 v. :
Otros detalles físicos il.
504 ## - NOTA DE BIBLIOGRAFÍA, ETC.
Nota de bibliografía, etc Incluye bibliografía.
541 ## - NOTA DE FUENTE INMEDIATA DE ADQUISICIÓN
Nota de fuente de adquisición Compra.
650 14 - ASIENTO SECUNDARIO DE MATERIA - TERMINO TEMÁTICO
Término temático o nombre geográfico como elemento de entrada Patrimonio cultural.
650 14 - ASIENTO SECUNDARIO DE MATERIA - TERMINO TEMÁTICO
Término temático o nombre geográfico como elemento de entrada Negros
Subdivisión general Vida social y costumbres.
651 ## - ENCABEZAMIENTO DE MATERIA -- NOMBRE GEOGRÁFICO
Nombre geográfico América Latina
Subdivisión de forma Civilización
Subdivisión general Influencias africanas.
942 ## - TIPO DE MATERIAL (KOHA)
Tipo de Item KOHA Libro
Existencias
No para Préstamo Colección Biblioteca de Origen Biblioteca Permanente Fecha de Adquisición Fuente de Adquisicion Total de Préstamos Signatura Topográfica Código de Barras Última vez visto Ejemplar Tipo de Material
Material en Reserva General Biblioteca Central Estatal de Guanajuato, "Wigberto Jiménez Moreno" Biblioteca Central Estatal de Guanajuato, "Wigberto Jiménez Moreno" 21/03/2026 COMPRA-2025   306.4 S182p BCEG8655231018 21/03/2026 v. 1 Libro
Material en Reserva General Biblioteca Central Estatal de Guanajuato, "Wigberto Jiménez Moreno" Biblioteca Central Estatal de Guanajuato, "Wigberto Jiménez Moreno" 21/03/2026 COMPRA-2025   306.4 S182p BCEG8655231019 21/03/2026 v. 2 Libro
  General Biblioteca Central Estatal de Guanajuato, "Wigberto Jiménez Moreno" Biblioteca Central Estatal de Guanajuato, "Wigberto Jiménez Moreno" 21/03/2026 COMPRA-2025   306.4 S182p BCEG8655231021 21/03/2026 v. 2 ej. 2 Libro
  General Biblioteca Central Estatal de Guanajuato, "Wigberto Jiménez Moreno" Biblioteca Central Estatal de Guanajuato, "Wigberto Jiménez Moreno" 21/03/2026 COMPRA-2025   306.4 S182p BCEG8655231020 21/03/2026 v. 1 ej. 2 Libro